| 000 | 00402nam a2200145Ia 4500 | ||
|---|---|---|---|
| 008 | 210210b1975 xxu||||| |||| 00| 0 eng d | ||
| 082 | _a052 ILLU | ||
| 100 | _a- | ||
| 245 | _aIllustrated weekly of India annual 1975. our birds, animals, trees. | ||
| 260 |
_a _bIllustrated weekly of India., _c1975 |
||
| 300 | _a198 | ||
| 650 | _aWeekly Birds, Animals, Trees | ||
| 690 | _aSerials | ||
| 906 | _a045812 | ||
| 999 |
_c95203 _d95203 |
||